000
00367nam a2200181Ia 4500
003
0STCL
008
150530s9999 xx 000 0 und d
040
_a
STCL
_c
STCL
100
_a
Herman Melville
245
_a
Moby-Dick
250
_a
1
260
_c
2003
300
_a
0
546
_a
English
942
_2
ddc
_c
BK
999
_c
67868
_d
67868
005
20220125171350.0